000 00298nam a2200133Ia 4500
008 191201s2010 xx 000 0 und d
100 _aTRICKER,Bob
245 0 _aCorporate Governance
250 _aRejp
260 _aN. delhi
_bOxford
_c2010
300 _a431
650 _aBBA
942 _2ddc
_cBK
_01
999 _c4803
_d4803